Leader xxxxxxxxxx
001 __ PCLIS00049749
005 __ 20211209084858.0
010 0_ |a978-986-319-171-1|b第1冊 : 平裝|dNT$240
010 0_ |a978-986-319-200-8|b第2冊 : 平裝|dNT$240
010 0_ |a978-986-319-227-5|b第3冊 : 平裝|dNT$240
010 0_ |a978-986-319-267-1|b第4冊 : 平裝|dNT$240
010 0_ |a978-986-319-341-8|b第5冊 : 平裝|dNT$240
010 0_ |a978-986-319-358-6|b第6冊 : 平裝|dNT$240
010 0_ |a978-986-319-391-3|b第7冊 : 平裝|dNT$240
010 0_ |a978-986-319-434-7|b第8冊 : 平裝|dNT$240
010 0_ |a978-986-319-458-3|b第9冊 : 平裝|dNT$240
010 0_ |a978-986-319-486-6|b第10冊 : 平裝|dNT$280
100 __ |a20160421g20152020m y0chiy09 e
101 0_ |achi
102 __ |atw
105 __ |aaf z 000ay
200 1_ |a特殊傳說|hII|i恆遠之晝篇|f護玄著|g紅麟插畫
205 __ |a初版
210 __ |a臺北市|c蓋亞文化出版|a新北市|c聯合發行總經銷|d2015-2020[民104-109]
215 0_ |a10冊|c圖, 彩摺圖|d20公分|e1冊首刷特典
225 2_ |a悅讀館|vRE325-RE330, RE348--RE350
300 __ |a封面英文題名: The unique legend
300 __ |a第10冊附首刷特典「完結紀念特典.白與黑」
410 _0 |12001 |a悅讀館
517 1_ |aThe unique legend|zeng
517 1_ |a恆遠之晝篇|zchi
606 __ |2cst|a長篇小說
681 __ |a857.7|b862
700 _0 |a護玄|4著
702 _0 |a紅麟|4插畫
801 _0 |atw|bLibDipper|c20170410|gCCR
801 _0 |atw|b內湖高中|c20160421|gCCR
801 _2 |atw|b內湖高中|c20210512|gCCR
|